Mixed Word: Eggs Quiz Stats

 Plays Quiz Updated Aug 17, 2017

Score 0/12 Timer 03:00
0 Plays Today
Clue Egg % Correct
WARRaw
99.8%
KABEDBaked
94.2%
DIFERFried
92.6%
DELIBOBoiled
89.5%
HIQUECQuiche
81.1%
TOLEMEETOmelette
71.2%
VIDDEELDeviled
68%
BREDCLAMSScrambled
63%
HOPDACEPoached
46.5%
CENDBITEBenedict
46.4%
DEDCLODCoddled
33.4%
REDRISHShirred
27.7%

You're not logged in!

Compare scores with friends on all Sporcle quizzes.
OR
Log In

Show Comments

Extras

Top Quizzes Today


Score Distribution

Your Account Isn't Verified!

In order to create a playlist on Sporcle, you need to verify the email address you used during registration. Go to your Sporcle Settings to finish the process.

Report this User

Report this user for behavior that violates our Community Guidelines.

Details: